000 00558nam a22001817a 4500
005 20240206151501.0
010 _aENG-139132
020 _c140.00
035 _aEN-122664
037 _bDBAD/PUB
082 _a230
100 _aSAI,VASANTHA
_961776
245 _aPrinciple of becoming God/
_cBy Vasantha Sai
260 _aTAMIL NADU
_bSRI VASANTHASAI BOOKS & PUBLICATIONS TRUST
_c2007
270 _bTAMIL NADU
_aMUKTHI NILAYAM ,Royapalayam Village B.O. ThirUmangalam
_e625706
300 _a157p.
_c22cm(pb)
942 _2ddc
_cEN
_mSAI
_h230
999 _c200569
_d200569